00658nam a22002177a 4500003000400000020001800004082001600022100001700038245003600055260003300091300001600124546001200140650002200152650003600174650003000210650001800240650002000258942001200278999001900290952013100309OSt a9789384568290 a630bGOP/AD aGopal Sharma aAdvances in plant biotechnology aJaipurbAgrotech Pressc2015 aviii, 272p. aEnglish aTransgenic Plants aNutritional value of food crops aClimate change Mitigation aHalotolerance aPlant Pathology 2ddccBK c157285d157285 00102ddc40708GenaKAUCLVbKAUCLVcGENERALd2017-07-31g1995.00l0o630 GOP/ADp226313r2017-07-31 00:00:00w2017-07-31yBK